Australia vs South Africa Geoguessr Metas - Statistics

General Stats
  • This quiz has been taken 37 times
  • The average score is 5 of 7
Answer Stats
Question Answer % Correct
Yellow outer lines South Africa
82%
White outer lines Australia
76%
Eucalyptus trees Australia
76%
Acacia trees South Africa
76%
White posts with a red reflector Australia
73%
White posts with a black top South Africa
70%
Red and white chevrons South Africa
45%
No matching quizzes found
Score Distribution
Percent of People with Each Score
Percentile by Number Answered
Your Score History
You have not taken this quiz